000 00265nam a2200097Ia 4500
001 655550
005 20250826154539.0
008 250824s9999 xx 000 0 und d
245 0 _a13 Dikkat! Bugün Ayın On Üçü Ve Cuma!
_c Kate McMullan
260 _bBEYAZ BALİNA
999 _c655550
_d655550